| 000 | 00465nam a22001457a 4500 | ||
|---|---|---|---|
| 003 | macl | ||
| 005 | 20180428152315.0 | ||
| 008 | 180428b xxu||||| |||| 00| 0 eng d | ||
| 040 | _cmacl | ||
| 100 |
_aसत्यपाल सिंह _972229 |
||
| 245 | _aभारत के महान खिलाडी | ||
| 260 |
_aदिल्ली _bसाहित्य सरोवर _c2013 |
||
| 650 |
_aजीवनियां _969255 |
||
| 942 |
_2ddc _cHIN |
||
| 999 |
_c58041 _d58041 |
||